000 00845nam a2200253Ia 4500
003 OSt
005 20221005113015.0
006 a|||||r|||| 00| 0
007 ta
008 221004b |||||||| |||| 00| 0 pan d
020 _a9788123754482 (pbk)
_c170
024 _a5408
037 _b701, 13/06/2013, H.K. Prakashan
_cTextual
040 _aCRL
_cCRL
_bpan
041 _2pan
_apan
082 _aO153,2x, P9
100 _aਆਤਮਜੀਤ, ਥਦ.
245 0 _aਪੰਜਾਬੀ ਨਾਟਕ ਦਾ ਸਖ਼ਰ
260 _aਦਿੱਲੀ
_bਨੈFਨਲ ਬੁੱਕ ਟਰੱਸਟ ਭਾਰਤ
_c2009
300 _a488ਪੰ
_ccm.
650 _aਪੰਜਾਬੀ ਸਾਹਿਤ
942 _hO153,2x, P9
_cTEXL
_2cc
999 _c1026730
_d1026730